In-house výnimka v novom zákone

Kodifikácia in-house výnimky v práve Európskej únie. Právna úprava v novom zákone o verejnom obstarávaní.

Uložené v:
Podrobná bibliografia
Hlavný autor: Hodás, Milan
Médium: Kapitola
Jazyk:Slovak
Predmet:
Tagy: Pridať tag
Žiadne tagy, Buďte prvý, kto otaguje tento záznam!

MARC

LEADER 00000naa a2200000 4500
001 0215768
005 20220719123517.3
041 0 |a slo 
044 |a SK 
245 1 0 |a In-house výnimka v novom zákone  |c Milan Hodás 
520 |a Kodifikácia in-house výnimky v práve Európskej únie. Právna úprava v novom zákone o verejnom obstarávaní. 
610 2 0 |a obstarávanie verejné 
610 2 0 |a Slovensko 
610 2 0 |a právo európske 
610 2 0 |a zákony 
100 1 |a Hodás, Milan